Recueil de statistique de l'Institut International du Commerce / (Record no. 1732)

MARC details
000 -LEADER
campo de control de longitud fija 00883nas a2200265 i 4500
001 - NÚMERO DE CONTROL
campo de control 1732
003 - IDENTIFICADOR DE NÚMERO DE CONTROL
campo de control ES-MaACL
005 - FECHA Y HORA DE LA ÚLTIMA TRANSACCIÓN
campo de control 20250901102121.0
007 - CAMPO FIJO DE DESCRIPCIÓN FÍSICA--INFORMACIÓN GENERAL
campo de control de longitud fija t|
008 - DATOS DE LONGITUD FIJA--INFORMACIÓN GENERAL
campo de control de longitud fija 950801c1920 be | | 1 ||re d
080 ## - NÚMERO DE LA CLASIFICACIÓN DECIMAL UNIVERSAL
Número de la Clasificación Decimal Universal 339
245 00 - MENCIÓN DEL TÍTULO
Título Recueil de statistique de l'Institut International du Commerce /
Mención de responsabilidad, etc. president fondateur M. Eugène Baie ; president M. Leon Hennebicq.
260 ## - PUBLICACIÓN, DISTRIBUCIÓN, ETC.
Lugar de publicación, distribución, etc. Bruxelles :
Nombre del editor, distribuidor, etc. Imp. Puvrez,
Fecha de publicación, distribución, etc. 1920-
300 ## - DESCRIPCIÓN FÍSICA
Extensión 11 v. ;
Dimensiones 25 cm.
310 ## - PERIODICIDAD ACTUAL
Periodicidad actual Mensual
362 0# - FECHAS DE PUBLICACIÓN Y/O DESIGNACIÓN SECUENCIAL
Fecha de publicación y/o designación secuencial Año I, t. 1 (1920)-
650 14 - PUNTO DE ACCESO ADICIONAL DE MATERIA--TÉRMINO DE MATERIA
Término de materia o nombre geográfico como elemento de entrada Estadística.
9 (RLIN) 12520
650 17 - PUNTO DE ACCESO ADICIONAL DE MATERIA--TÉRMINO DE MATERIA
Término de materia o nombre geográfico como elemento de entrada Comercio
Fuente del encabezamiento o término embne
9 (RLIN) 11157
700 1# - ENTRADA AGREGADA--NOMBRE PERSONAL
Nombre de persona Baie, M. Eugène,
Término indicativo de función/relación
9 (RLIN) 194281
700 1# - ENTRADA AGREGADA--NOMBRE PERSONAL
Nombre de persona Hennebicq, Léon,
Fechas asociadas al nombre 1871-1940
9 (RLIN) 62551
710 2# - ENTRADA AGREGADA--NOMBRE DE ENTIDAD CORPORATIVA
Nombre de entidad corporativa o nombre de jurisdicción como elemento de entrada Institut International du Comerce (
Sede del congreso/Lugar de la reunión Bruselas)
9 (RLIN) 194282
852 ## - LOCALIZACIÓN
Ubicación ES-MaACL
Número de control de estantería Hem-466
866 #0 - MENCIÓN TEXTUAL DE FONDOS--UNIDAD BIBLIOGRÁFICA BÁSICA
Fondos (1934)1935(1936),1943(1944-45)(1946f.n.2).
Holdings
Estatus retirado Estado de pérdida Estado de daño No para préstamo Colección Biblioteca de origen Biblioteca actual Ubicación en estantería Fecha de adquisición Fuente de adquisición Total de préstamos Signatura topográfica completa Código de barras Visto por última vez Precio de reemplazo Tipo de ítem Koha
        Periódicos y Revistas Biblioteca del Ateneo de Madrid Biblioteca del Ateneo de Madrid Depósito 1 17/01/2008     Hem-466 1001768 23/02/2023 23/02/2023 Revista